| 000 | 01148nam a2200289Ia 4500 | ||
|---|---|---|---|
| 003 | OSt | ||
| 005 | 20221005110127.0 | ||
| 006 | a|||||r|||| 00| 0 | ||
| 007 | ta | ||
| 008 | 221004b |||||||| |||| 00| 0 urd d | ||
| 020 |
_a9788126025527 (pbk) _c200 |
||
| 024 | _a92729 | ||
| 037 |
_b523, 19/03/2009, Vani Prakashan _cTextual |
||
| 040 |
_aCRL _cCRL _burd |
||
| 041 |
_2urd _aurd |
||
| 082 | _aO168,1N08:g, 152P8 | ||
| 100 | _aजाफ़र, सय्यदा | ||
| 245 | 0 | _aमख़दूम मोहियुद्दीन | |
| 246 | _aMaख़dūm mohiyuddīna | ||
| 260 |
_aनई दिल्ली _bसाहित्य अकादेमी भारत _c2008 |
||
| 300 |
_a87पृ0 _ccm. |
||
| 490 | _aभारतीय साहित्य के निर्माता | ||
| 650 | _aउर्दू साहित्य | ||
| 700 | _a बहाराइची, अंबर, अनु. | ||
| 942 |
_hO168,1N08:g, 152P8 _cTEXL _2cc |
||
| 999 |
_c1017883 _d1017883 |
||